| 000 | 01052nam0a2200301 4500 | ||
|---|---|---|---|
| 001 | RU\NLR\ONL1\16246 | ||
| 005 | 20260406115054.0 | ||
| 035 | _a(NLR Aleph) 009644985 | ||
| 090 |
_a9560902 _c9560902 |
||
| 100 | _a20100309d1941 u y0rusy50 ca | ||
| 101 | 1 |
_amdf _crus |
|
| 102 | _aRU | ||
| 105 | _ac ||||||||| | ||
| 200 | 1 |
_aСтихть ды поэмат _fМ. Ю. Лермонтов _g[пер. кол. _gред. пер. А. Рогожин |
|
| 205 | _a1 изд.] | ||
| 210 |
_aСаранск _cМордовгиз _d1941 |
||
| 215 |
_a59,[3] с. _cпортр. _d14 |
||
| 541 | 1 |
_aСтихи и поэмы _zrus |
|
| 686 | 1 | _aШ6(2=Морд)-91Р5-5 | |
| 700 | 1 |
_4070 _8rus _7ca _aЛермонтов _bМ. Ю. _cпоэт _f1814-1841 _gМихаил Юрьевич _3RU\NLR\auth\77328 _9110383 |
|
| 801 | 0 |
_aRU _bNLR _c20100309 _gPSBO |
|
| 852 |
_aNLR _bОНЛ _jМорд.м./1-225 |
||
| 942 | _cBOOK | ||
| 945 | _aРоссийская национальная библиотека | ||
| 980 | _aNB | ||
| 980 | _aBV | ||